[Event "BL 8485 Lasker-Solingen"]
[Site "?"]
[Date "1985.??.??"]
[Round "?.5"]
[White "Borik, O."]
[Black "Zbikowski, W."]
[Result "1-0"]
[WhiteElo "2370"]
[BlackElo "2280"]
[PlyCount "79"]
[EventDate "1985.??.??"]

1. d4 Nf6 2. c4 g6 3. Nc3 Bg7 4. e4 d6 5. Nf3 O-O 6. Be2 e5 7. O-O Nc6 8. d5
Ne7 9. Ne1 Nd7 10. Be3 f5 11. f3 f4 12. Bf2 g5 13. Nd3 Nf6 14. c5 Rf7 15. Rc1
Ng6 16. Qb3 g4 17. fxg4 Bxg4 18. Bf3 Bxf3 19. gxf3 Nh5 20. Kh1 Nh4 21. Ne1 Ng3+
22. hxg3 fxg3 23. Bxg3 Qg5 24. Ne2 Raf8 25. Rf2 Kh8 26. Bxh4 Qxh4+ 27. Rh2 Qg5
28. cxd6 cxd6 29. Qd3 Bh6 30. Rc2 Rg7 31. Ng2 Rfg8 32. Ng1 Qg6 33. Qf1 Bf4 34.
Rh3 Qg5 35. Qf2 Bg3 36. Qxa7 Rg6 37. Qxb7 Bh4 38. f4 exf4 39. Nf3 Qe7 40. Rc7
1-0

[Event "BL 8485 Lasker-Solingen"]
[Site "?"]
[Date "1985.??.??"]
[Round "?.7"]
[White "Werner, D."]
[Black "Jacoby, G."]
[Result "1-0"]
[WhiteElo "2365"]
[BlackElo "2245"]
[PlyCount "67"]
[EventDate "1985.??.??"]

1. d4 d5 2. c4 dxc4 3. Nf3 Nf6 4. e3 e6 5. Bxc4 a6 6. a4 c5 7. O-O Nc6 8. Qe2
cxd4 9. Rd1 Be7 10. exd4 O-O 11. Nc3 Nd5 12. Bd3 Ncb4 13. Bb1 Nf6 14. Ne5 Bd7
15. Bg5 Bc6 16. Ra3 Rc8 17. Rb3 Nfd5 18. Bxe7 Qxe7 19. Nxd5 Nxd5 20. Bxh7+ Kh8
21. Be4 Nf4 22. Qe3 g5 23. Bxc6 bxc6 24. Rc1 Qd6 25. g3 f6 26. Nc4 Nh3+ 27. Kg2
Qd5+ 28. f3 g4 29. Nb6 gxf3+ 30. Kf1 Qh5 31. Nxc8 Ng5 32. h4 Rxc8 33. hxg5 Qh3+
34. Ke1 {ZÜ} 1-0

[Event "BL 8485 Kreuzberg-Bochum"]
[Site "?"]
[Date "1985.??.??"]
[Round "?.1"]
[White "Heinbuch, D."]
[Black "Berg, K."]
[Result "1/2-1/2"]
[WhiteElo "2255"]
[BlackElo "2375"]
[PlyCount "43"]
[EventDate "1985.??.??"]

1. d4 Nf6 2. c4 c5 3. d5 b5 4. a4 bxc4 5. Nc3 d6 6. e4 g6 7. Bxc4 Bg7 8. h3 Ba6
9. Bxa6 Nxa6 10. Nf3 O-O 11. O-O Rb8 12. e5 dxe5 13. Nxe5 Nb4 14. Nc6 Nxc6 15.
dxc6 Qxd1 16. Rxd1 Rbc8 17. Be3 Rxc6 18. Rac1 a6 19. a5 e6 20. Na4 Nd5 21. Bxc5
Rfc8 22. Be3 1/2-1/2

[Event "BL 8485 Kreuzberg-Bochum"]
[Site "?"]
[Date "1985.??.??"]
[Round "?.2"]
[White "King, D."]
[Black "Sehner, N."]
[Result "1-0"]
[WhiteElo "2435"]
[BlackElo "2315"]
[PlyCount "59"]
[EventDate "1985.??.??"]

1. e4 c5 2. Nf3 d6 3. d4 cxd4 4. Nxd4 Nf6 5. Nc3 a6 6. f4 Nbd7 7. Be2 g6 8. g4
Nc5 9. Nb3 Nxb3 10. axb3 Bg7 11. g5 Nd7 12. Be3 h6 13. gxh6 Rxh6 14. Qd2 Rh3
15. Bg4 Rh4 16. Bf3 Nf6 17. O-O-O Bg4 18. Rhf1 Rh3 19. Qg2 Rxf3 20. Rxf3 Qa5
21. Kb1 Bxf3 22. Qxf3 Qh5 23. Qg2 Ng4 24. Bd4 Bxd4 25. Rxd4 Kf8 26. Rd3 Qh4 27.
Rh3 Qe1+ 28. Ka2 Nf6 29. Rh8+ Ng8 30. Qh3 1-0

[Event "BL 8485 Kreuzberg-Bochum"]
[Site "?"]
[Date "1985.??.??"]
[Round "?.3"]
[White "Backwinkel, P."]
[Black "Grzesik, F."]
[Result "1/2-1/2"]
[WhiteElo "2330"]
[BlackElo "2285"]
[PlyCount "23"]
[EventDate "1985.??.??"]

1. e4 Nf6 2. Nc3 d5 3. e5 Ne4 4. d4 Nxc3 5. bxc3 c5 6. Nf3 Nc6 7. Be2 Bg4 8.
Rb1 Qc7 9. h3 Bxf3 10. Bxf3 e6 11. O-O Be7 12. Bf4 1/2-1/2

[Event "BL 8485 Kreuzberg-Bochum"]
[Site "?"]
[Date "1985.??.??"]
[Round "?.5"]
[White "Sonntag, H."]
[Black "Konieczka, F."]
[Result "1/2-1/2"]
[WhiteElo "2305"]
[BlackElo "2240"]
[PlyCount "37"]
[EventDate "1985.??.??"]

1. d4 d5 2. c4 e6 3. Nc3 Nf6 4. Bg5 Be7 5. Nf3 O-O 6. e3 h6 7. Bh4 b6 8. cxd5
Nxd5 9. Nxd5 exd5 10. Bxe7 Qxe7 11. Rc1 Be6 12. Qa4 Rc8 13. Bb5 c6 14. Be2 a5
15. O-O Qb4 16. Qc2 Nd7 17. Rfd1 Qd6 18. Qd2 Nf6 19. Qe1 1/2-1/2

[Event "BL 8485 Kreuzberg-Bochum"]
[Site "?"]
[Date "1985.??.??"]
[Round "?.6"]
[White "Sprotte, N."]
[Black "Ueter, H."]
[Result "0-1"]
[WhiteElo "2230"]
[BlackElo "2270"]
[PlyCount "100"]
[EventDate "1985.??.??"]

1. Nf3 g6 2. c4 Bg7 3. Nc3 d6 4. d4 Nf6 5. e4 O-O 6. Be2 c5 7. dxc5 dxc5 8.
Qxd8 Rxd8 9. Be3 b6 10. h3 Nc6 11. O-O Bb7 12. Rad1 e6 13. e5 Ne8 14. Bf4 h6
15. h4 Kf8 16. Nb5 Ke7 17. Rfe1 Rxd1 18. Rxd1 Rd8 19. Rxd8 Kxd8 20. Kf1 Kd7 21.
Ke1 a6 22. Nc3 Kc7 23. g4 Nb8 24. b3 Nd7 25. Nd5+ Kd8 26. Nf6 Ndxf6 27. exf6
Nxf6 28. g5 Ng8 29. Ne5 Ke8 30. Nd3 hxg5 31. hxg5 Ne7 32. Kd2 Nc8 33. b4 cxb4
34. Nxb4 Bf8 35. Nd3 Nd6 36. Ne5 Be7 37. f3 Nf5 38. Bd1 Bd6 39. Nd3 Bxf4+ 40.
Nxf4 Nd6 41. Kc3 e5 42. Ng2 Nf5 43. Ne1 Ke7 44. Nd3 Kd6 45. f4 exf4 46. Nxf4
Be4 47. Bg4 Ke5 48. Ne2 a5 49. a3 Nd6 50. Bd7 Bf5 0-1

[Event "BL 8485 Kreuzberg-Bochum"]
[Site "?"]
[Date "1985.??.??"]
[Round "?.7"]
[White "Ackermann, H."]
[Black "Federau, J."]
[Result "1-0"]
[WhiteElo "2255"]
[BlackElo "2210"]
[PlyCount "93"]
[EventDate "1985.??.??"]

1. e4 e5 2. Nc3 Nf6 3. g3 d5 4. exd5 Nxd5 5. Bg2 Nxc3 6. bxc3 Bd6 7. Ne2 O-O 8.
O-O c6 9. d4 Be6 10. a4 Nd7 11. Re1 Qc7 12. Be3 Bc4 13. Nc1 Rfe8 14. Nb3 Nf6
15. Nd2 Bd5 16. Bg5 Nd7 17. Bf1 f6 18. Be3 Kh8 19. Qh5 Nf8 20. Nc4 Bf7 21. Qg4
Be7 22. dxe5 fxe5 23. Rab1 b6 24. Bg2 Nd7 25. Qe2 Bd5 26. Bh3 Bf6 27. Nd2 Nf8
28. c4 Be6 29. Bg2 Rad8 30. Ne4 Nd7 31. Red1 Be7 32. Ng5 Bg8 33. h4 Bc5 34. Bd2
Rf8 35. Be1 Nf6 36. Ne4 Nxe4 37. Bxe4 Rd4 38. Rxd4 Bxd4 39. c3 Bc5 40. Rd1 Qc8
41. Kg2 Qe6 42. Bd3 Qf6 43. Rd2 Rd8 44. Qe4 Rd6 45. Re2 Re6 46. Bd2 Re7 47. Bg5
1-0

[Event "BL 8485 Solingen-Kreuzberg"]
[Site "?"]
[Date "1985.??.??"]
[Round "?.2"]
[White "Spassky, B."]
[Black "King, D."]
[Result "1/2-1/2"]
[WhiteElo "2590"]
[BlackElo "2435"]
[PlyCount "110"]
[EventDate "1985.??.??"]

1. e4 c5 2. b3 b6 3. Bb2 Bb7 4. d3 e6 5. Nd2 Nc6 6. f4 d5 7. g3 Nf6 8. Bg2 Be7
9. e5 Nd7 10. Ngf3 f5 11. h4 h5 12. c3 b5 13. Ng5 Bxg5 14. hxg5 g6 15. Nf3 Qb6
16. O-O Kf7 17. Rf2 a5 18. Rb1 Rhb8 19. Bc1 b4 20. c4 d4 21. Bf1 Ne7 22. Nh4
Rh8 23. Rh2 Qc6 24. a3 Kg7 25. a4 Rh7 26. Rbb2 Rah8 27. Rh3 Nf8 28. Rbh2 Qc8
29. Be2 Bc6 30. Bb2 Qd8 31. Qe1 Be8 32. Kf2 Bc6 33. Bd1 Be8 34. Ke2 Bc6 35. Kd2
Be8 36. Qf2 Qb6 37. Nf3 Nc6 38. Qg1 Qa7 39. Rh4 Qb6 40. Be2 Qa7 41. Bf1 Nd7 42.
Bg2 Ndb8 43. Ne1 Ne7 44. Bf3 Nbc6 45. Nc2 Qb6 46. Qh1 Nd8 47. Qg1 Ndc6 48. Bd1
Qa7 49. Ne1 Nb8 50. Nf3 Nec6 51. Kc1 Kg8 52. Kb1 Qd7 53. Qe1 Qb7 54. Ng1 Ne7
55. Nf3 Nbc6 1/2-1/2

[Event "BL 8485 Solingen-Kreuzberg"]
[Site "?"]
[Date "1985.??.??"]
[Round "?.5"]
[White "Sprotte, N."]
[Black "Borik, O."]
[Result "0-1"]
[WhiteElo "2230"]
[BlackElo "2370"]
[PlyCount "146"]
[EventDate "1985.??.??"]

1. Nf3 d5 2. c4 e6 3. g3 c5 4. Bg2 Nc6 5. O-O Nf6 6. b3 Be7 7. Bb2 O-O 8. e3 b6
9. Qe2 Bb7 10. d3 Qc7 11. Nc3 Rfd8 12. Rfd1 Rac8 13. cxd5 exd5 14. Bh3 Ra8 15.
Nb5 Qb8 16. Nh4 a6 17. Na3 g6 18. f4 Re8 19. Nf3 Qd8 20. Ne5 Bd6 21. Nxc6 Bxc6
22. Nc2 Bf8 23. Bg2 Bg7 24. e4 Nxe4 25. dxe4 Bxb2 26. Rab1 Bg7 27. e5 f6 28.
Ne3 fxe5 29. Nxd5 exf4 30. Ne7+ Qxe7 31. Qc4+ Kh8 32. Bxc6 fxg3 33. Bxa8 gxh2+
34. Kh1 Rxa8 35. Re1 Qf6 36. Qe4 Rd8 37. Rbd1 Rxd1 38. Rxd1 h5 39. Re1 Kh7 40.
Re2 b5 41. Kxh2 Qc3 42. Re3 Qf6 43. Kg2 Qg5+ 44. Rg3 Qd2+ 45. Kh3 Qd6 46. Re3
Kh6 47. Re2 Bd4 48. Kg2 Qf6 49. Qe7 Qf5 50. Qe6 Qg5+ 51. Kf3 Qg1 52. Ke4 Qh1+
53. Kf4 Bf6 54. Re4 Qf1+ 55. Kg3 Bg5 56. Qe5 h4+ 57. Kh2 Qf2+ 58. Kh3 Qf3+ 59.
Kh2 Bf6 60. Qe6 Qg3+ 61. Kh1 Bd4 62. Qg4 Qxg4 63. Rxg4 Kh5 64. Re4 a5 65. Kg2
g5 66. Kh3 Bc3 67. Rg4 Be5 68. a4 bxa4 69. Rxa4 Bd4 70. Rxa5 g4+ 71. Kh2 h3 72.
Ra7 Be5+ 73. Kg1 g3 0-1

[Event "BL 8485 Solingen-Kreuzberg"]
[Site "?"]
[Date "1985.??.??"]
[Round "?.6"]
[White "Dueball, J."]
[Black "Federau, J."]
[Result "1/2-1/2"]
[WhiteElo "2445"]
[BlackElo "2210"]
[PlyCount "101"]
[EventDate "1985.??.??"]

1. d4 d5 2. c4 e6 3. Nc3 Nf6 4. cxd5 exd5 5. Bg5 c6 6. Qc2 Be7 7. e3 Nbd7 8.
Bd3 Nh5 9. Bxe7 Qxe7 10. Nge2 g6 11. g4 Ng7 12. h3 Nb6 13. O-O-O Bd7 14. Kb1
O-O-O 15. Na4 Nxa4 16. Qxa4 Kb8 17. Qc2 h5 18. gxh5 Rxh5 19. Nf4 Rh6 20. Qc5
Qxc5 21. dxc5 Rdh8 22. Rhg1 Ne6 23. Nxe6 Bxe6 24. Rg3 Rxh3 25. Rxh3 Rxh3 26.
Kc2 Rf3 27. Rd2 Bf5 28. Bxf5 Rxf5 29. Kd3 Rf3 30. Ke2 Rh3 31. Rd1 Rh4 32. b3
Kc7 33. Kf3 b6 34. Kg3 Re4 35. Rc1 bxc5 36. Rxc5 Kb6 37. Rc2 c5 38. Kf3 Rb4 39.
Ke2 c4 40. bxc4 dxc4 41. Rd2 Kc6 42. Rd4 Ra4 43. a3 Rxa3 44. Rxc4+ Kb5 45. Rc7
f5 46. Rb7+ Kc4 47. Rc7+ Kd5 48. f4 Ra6 49. Kf3 Kd6 50. Rg7 Kc5 51. Rc7+
1/2-1/2

[Event "BL 8485 Bochum-Lasker"]
[Site "?"]
[Date "1985.??.??"]
[Round "?.1"]
[White "Wockenfuss, K."]
[Black "Heinbuch, D."]
[Result "1/2-1/2"]
[WhiteElo "2335"]
[BlackElo "2255"]
[PlyCount "130"]
[EventDate "1985.??.??"]

1. e4 c5 2. c3 g6 3. d4 cxd4 4. cxd4 d5 5. exd5 Nf6 6. Bb5+ Nbd7 7. Nc3 Bg7 8.
d6 exd6 9. Qe2+ Qe7 10. Qxe7+ Kxe7 11. Bf4 Nb6 12. Nf3 h6 13. O-O Be6 14. h3
Rac8 15. Rfe1 Nfd5 16. Bd2 Rc7 17. a4 Nb4 18. a5 N6d5 19. Ba4 a6 20. Bb3 Kd7
21. Ba4+ Kd8 22. Nxd5 Nxd5 23. Rac1 Rxc1 24. Rxc1 Bd7 25. Bb3 Bc6 26. Bc4 Kd7
27. b3 Rc8 28. Ne1 Ne7 29. Nc2 h5 30. Be3 Nd5 31. Bd2 Nc7 32. Re1 Bd5 33. Bb4
Bxc4 34. bxc4 Re8 35. Rxe8 Nxe8 36. Kf1 Nf6 37. Ke2 d5 38. Kd3 Bh6 39. Be1 Bf8
40. f3 Kc6 41. c5 Kd7 42. Bh4 Ne8 43. Nb4 Ke6 44. Bg3 Be7 45. c6 bxc6 46. Nxa6
Bd6 47. Bxd6 Nxd6 48. Nc5+ Ke7 49. a6 Nb5 50. h4 Kd6 51. g4 Kc7 52. Ke3 Kb6 53.
gxh5 gxh5 54. Nd7+ Kxa6 55. Nf6 Kb6 56. Nxh5 Kc7 57. Nf6 Kd6 58. Ng4 Ke6 59. h5
Kf5 60. h6 Kg6 61. Ne5+ Kxh6 62. Nxf7+ Kg7 63. Ne5 Na7 64. f4 Kf6 65. Kf3 Kf5
1/2-1/2

[Event "BL 8485 Bochum-Lasker"]
[Site "?"]
[Date "1985.??.??"]
[Round "?.2"]
[White "Sehner, N."]
[Black "Paulsen, D."]
[Result "1-0"]
[WhiteElo "2315"]
[BlackElo "2360"]
[PlyCount "51"]
[EventDate "1985.??.??"]

1. c4 e5 2. Nc3 Nc6 3. g3 f5 4. Bg2 Nf6 5. e3 d6 6. Nge2 g6 7. b3 Bg7 8. O-O
O-O 9. Bb2 g5 10. f4 gxf4 11. exf4 e4 12. d3 Ng4 13. Qd2 e3 14. Qc1 Nb4 15. Qb1
Nf2 16. Nd5 Bxb2 17. Qxb2 Nbxd3 18. Qd4 Nc5 19. Nxe3 Nfe4 20. Rfe1 a5 21. Nd5
c6 22. Ndc3 Nf6 23. Rad1 Qb6 24. Kh1 Be6 25. Nc1 Rad8 26. Rxe6 1-0

[Event "BL 8485 Bochum-Lasker"]
[Site "?"]
[Date "1985.??.??"]
[Round "?.3"]
[White "Cladouras, P."]
[Black "Backwinkel, P."]
[Result "1/2-1/2"]
[WhiteElo "2295"]
[BlackElo "2330"]
[PlyCount "152"]
[EventDate "1985.??.??"]

1. e4 g6 2. d4 c6 3. Nf3 d5 4. Nbd2 Bg4 5. c3 Bxf3 6. Qxf3 Bg7 7. Bd3 e6 8. O-O
Ne7 9. Re1 O-O 10. Qe2 Nd7 11. Nf3 dxe4 12. Bxe4 Qc7 13. Bg5 Nf6 14. Bc2 h6 15.
Bd2 Nf5 16. Rad1 Rad8 17. Ne5 Nd7 18. Nxd7 Rxd7 19. Qf3 Qb6 20. Bc1 Qb5 21. g3
a6 22. Kg2 Rfd8 23. h4 h5 24. Bg5 Rf8 25. Bxf5 Qxf5 26. Qxf5 gxf5 27. Rd2 f6
28. Be3 Kf7 29. Red1 Rc8 30. Kf3 Bf8 31. Bf4 Bd6 32. Bxd6 Rxd6 33. Ke3 Ke7 34.
f3 c5 35. dxc5 Rxd2 36. Rxd2 Rxc5 37. Rd4 e5 38. Ra4 Ke6 39. Rb4 b5 40. a4 Kd6
41. axb5 axb5 42. Rb3 Rd5 43. Ra3 Rd1 44. Ra6+ Ke7 45. Rb6 Rd5 46. Rb7+ Ke6 47.
Rb6+ Kf7 48. Rb7+ Ke6 49. b4 Kd6 50. Rb6+ Ke7 51. Rb7+ Kd6 52. Rb8 Ke6 53. Ke2
Kf7 54. Rh8 Kg6 55. Rg8+ Kf7 56. Rc8 f4 57. gxf4 exf4 58. c4 Rd4 59. cxb5 Rxb4
60. Rb8 Ke6 61. b6 Kd7 62. b7 Kc7 63. Rh8 Kxb7 64. Rxh5 Kc7 65. Rh7+ Kd6 66. h5
Ke6 67. h6 Rb2+ 68. Kd3 Rh2 69. Ke4 Rh4 70. Rh8 f5+ 71. Kd4 Kf6 72. Rf8+ Ke6
73. Ra8 Rh3 74. Rb8 Kf6 75. Rb6+ Kg5 76. Rb8 Rxh6 1/2-1/2

[Event "BL 8485 Bochum-Lasker"]
[Site "?"]
[Date "1985.??.??"]
[Round "?.4"]
[White "Beckemeyer, W."]
[Black "Muse, M."]
[Result "0-1"]
[WhiteElo "2325"]
[BlackElo "2240"]
[PlyCount "64"]
[EventDate "1985.??.??"]

1. e4 c6 2. d3 d5 3. Nd2 g6 4. Ngf3 Bg7 5. g3 e5 6. Bg2 Ne7 7. O-O O-O 8. Re1
Nd7 9. b4 a5 10. bxa5 dxe4 11. Nxe4 Qxa5 12. Bb2 Qc7 13. Ned2 c5 14. a4 Nc6 15.
Nc4 Ra6 16. Ng5 Nb6 17. Nxb6 Rxb6 18. Ba3 Nd4 19. Ne4 Ne6 20. Nc3 Ra6 21. Rb1
b6 22. Nd5 Qd6 23. c4 Bd7 24. Nc3 Bc6 25. Nb5 Qd7 26. Bxc6 Qxc6 27. h4 Rd8 28.
Qc2 g5 29. Re3 gxh4 30. Kh2 hxg3+ 31. Rxg3 Nf4 32. Rbg1 Qh6+ 0-1

[Event "BL 8485 Bochum-Lasker"]
[Site "?"]
[Date "1985.??.??"]
[Round "?.6"]
[White "Ueter, H."]
[Black "Bilek Gonstalla, M."]
[Result "0-1"]
[WhiteElo "2270"]
[BlackElo "2335"]
[PlyCount "92"]
[EventDate "1985.??.??"]

1. e4 c6 2. d4 d5 3. Nc3 g6 4. h3 Bg7 5. Nf3 Nf6 6. e5 Nfd7 7. Bd3 O-O 8. O-O
Nb6 9. Re1 a5 10. Ne2 Na6 11. Nf4 e6 12. h4 Nb4 13. Bf1 c5 14. c3 Nc6 15. dxc5
Nd7 16. Nd3 Qc7 17. Bf4 b6 18. cxb6 Nxb6 19. Nd4 Ba6 20. Nxc6 Qxc6 21. Nc1 Bxf1
22. Rxf1 Rfb8 23. Nd3 Rb7 24. Rc1 h5 25. b3 Rc7 26. Be3 Nd7 27. Bd4 Rac8 28. g3
Bh6 29. f4 Bf8 30. Qd2 Qb5 31. Rfd1 Ba3 32. Rb1 Bc5 33. Qe3 Bb6 34. a4 Qa6 35.
b4 Rxc3 36. bxa5 Bxd4 37. Qxd4 R8c4 38. Qf2 Qxa5 39. Nb2 Rc8 40. Rd2 Nc5 41.
Qe1 Ne4 42. Rg2 Qc5+ 43. Kh2 Rc2 44. Qg1 Qa3 45. Kh3 Rxg2 46. Qxg2 Rc3 0-1

[Event "BL 8485 Bochum-Lasker"]
[Site "?"]
[Date "1985.??.??"]
[Round "?.7"]
[White "Jacoby, G."]
[Black "Ackermann, H."]
[Result "0-1"]
[WhiteElo "2245"]
[BlackElo "2255"]
[PlyCount "70"]
[EventDate "1985.??.??"]

1. e4 c5 2. Nf3 e6 3. d4 cxd4 4. Nxd4 Nf6 5. Nc3 Bb4 6. e5 Nd5 7. Qg4 O-O 8.
Bd2 Nxc3 9. bxc3 Be7 10. Bh6 g6 11. Bd3 Qa5 12. O-O Qxe5 13. Bxf8 Bxf8 14. Rae1
Qc5 15. c4 Nc6 16. Nb3 Qa3 17. f4 d6 18. f5 exf5 19. Bxf5 Bxf5 20. Rxf5 Ne5 21.
Qg3 Bg7 22. Rf4 a5 23. Qf2 a4 24. Nd4 Qxa2 25. Nb5 a3 26. Qb6 Qb2 27. Qxb7 Rf8
28. Qd5 a2 29. Rff1 Ng4 30. c3 Be5 31. Qd1 Bxh2+ 32. Kh1 Nf2+ 33. Rxf2 Qxf2 34.
Kxh2 Ra8 35. Nxd6 a1=Q 0-1

[Event "BL 8485 Bayern-Erlangen"]
[Site "?"]
[Date "1985.??.??"]
[Round "?.1"]
[White "Heidrich, M."]
[Black "Pfleger, He"]
[Result "0-1"]
[WhiteElo "2260"]
[BlackElo "2490"]
[PlyCount "76"]
[EventDate "1985.??.??"]

1. e4 d6 2. d4 Nf6 3. Nc3 g6 4. Be2 Bg7 5. Nf3 O-O 6. O-O c6 7. a4 a5 8. h3
Nbd7 9. e5 Ne8 10. Re1 dxe5 11. dxe5 Nc7 12. Bf4 Ne6 13. Bg3 Qb6 14. Qc1 Ndc5
15. Bf1 Bd7 16. Rb1 Rad8 17. Nd2 Nd4 18. Nc4 Qa7 19. Nxa5 Bf5 20. b4 Nxc2 21.
Rd1 Rxd1 22. Nxd1 Nxb4 23. Rxb4 Qxa5 24. Qb2 Bd3 25. Rd4 Qe1 26. Ne3 Bh6 27.
Qb4 Qc1 28. Bf4 Bxf4 29. Rxf4 Ne6 30. Rh4 Rd8 31. Qxb7 Bxf1 32. Nxf1 Rd1 33.
Qa6 Nf4 34. g3 Nd3 35. Kg2 Ne1+ 36. Kh1 Nf3 37. Rf4 Rxf1+ 38. Kg2 Nd2 0-1

[Event "BL 8485 Bayern-Erlangen"]
[Site "?"]
[Date "1985.??.??"]
[Round "?.2"]
[White "Kindermann, S."]
[Black "Huenerkopf, H."]
[Result "1-0"]
[WhiteElo "2490"]
[BlackElo "2255"]
[PlyCount "87"]
[EventDate "1985.??.??"]

1. e4 c5 2. Nf3 d6 3. d4 cxd4 4. Nxd4 Nf6 5. Nc3 a6 6. Be2 e5 7. Nb3 Be7 8. O-O
Be6 9. Re1 Nbd7 10. Bf1 b5 11. g3 h5 12. h3 Nf8 13. f4 h4 14. g4 exf4 15. Bxf4
Ng6 16. Bh2 Ne5 17. Bg2 Qd7 18. Nd4 Rc8 19. Nd5 Bd8 20. Nf5 Kf8 21. Nf4 Ne8 22.
b3 g6 23. Nd4 Bb6 24. Kh1 Bxd4 25. Qxd4 Rxc2 26. Nd3 f6 27. Nb4 Nc6 28. Nxc6
Qxc6 29. Rf1 Ke7 30. Rad1 Rf8 31. Qa7+ Bd7 32. Bf3 Qc5 33. Qxa6 Bc6 34. Bg1 Qe5
35. Qa7+ Bd7 36. Rf2 Rxf2 37. Qxf2 Bc6 38. Bh2 Qe6 39. Qa7+ Qd7 40. Qd4 Rf7 41.
Bg2 Ba8 42. a4 bxa4 43. bxa4 Kf8 44. a5 {ZÜ} 1-0

[Event "BL 8485 Bayern-Erlangen"]
[Site "?"]
[Date "1985.??.??"]
[Round "?.3"]
[White "Roeder, F."]
[Black "Hecht, H."]
[Result "0-1"]
[WhiteElo "2250"]
[BlackElo "2450"]
[PlyCount "110"]
[EventDate "1985.??.??"]

1. e4 e6 2. d4 d5 3. exd5 exd5 4. Bd3 Nc6 5. c3 Bd6 6. Ne2 Nge7 7. Bf4 O-O 8.
O-O Ng6 9. Bg3 Nce7 10. Nd2 Re8 11. Qc2 Bf5 12. Rae1 Bxd3 13. Qxd3 c6 14. Bxd6
Qxd6 15. f4 Nf8 16. Ng3 c5 17. dxc5 Qxc5+ 18. Kh1 Nc6 19. Nb3 Qc4 20. Qxc4 dxc4
21. Nd2 b5 22. Nf5 Rxe1 23. Rxe1 Ne6 24. g3 Nc5 25. Ne7+ Nxe7 26. Rxe7 Na4 27.
Ne4 Nxb2 28. Nd6 a6 29. Nxf7 Na4 30. Ng5 Nxc3 31. Ne6 Nxa2 32. Rxg7+ Kh8 33.
Rc7 b4 34. Ng5 b3 35. Ne4 b2 36. Rb7 c3 37. Nxc3 Nxc3 38. Rxb2 a5 39. Rb3 Ne4
40. Kg2 a4 41. Ra3 Nd6 42. Kf3 Kg7 43. Ke2 Nb5 44. Ra1 a3 45. Kd3 a2 46. Kc4
Nd6+ 47. Kb3 Nf5 48. Rxa2 Nd4+ 49. Kb2 Rxa2+ 50. Kxa2 Nf3 51. h3 Ng1 52. Kb3
Ne2 53. g4 Nxf4 54. h4 Ng2 55. h5 Kh6 0-1

[Event "BL 8485 Bayern-Erlangen"]
[Site "?"]
[Date "1985.??.??"]
[Round "?.4"]
[White "Bischoff, K."]
[Black "Tischer, G."]
[Result "1/2-1/2"]
[WhiteElo "2375"]
[BlackElo "2335"]
[PlyCount "80"]
[EventDate "1985.??.??"]

1. e4 e6 2. d3 d5 3. Nd2 c5 4. g3 Nc6 5. Bg2 Nf6 6. Ngf3 Be7 7. O-O O-O 8. Re1
b5 9. e5 Ne8 10. Nf1 f6 11. exf6 Bxf6 12. Ne3 Nd6 13. Ng4 Bd7 14. Bf4 Nf7 15.
c3 Rc8 16. Qd2 Qb6 17. Re2 b4 18. Rae1 bxc3 19. bxc3 Rfe8 20. Bh3 Qd8 21. Nge5
Ncxe5 22. Nxe5 Nxe5 23. Bxe5 Rc6 24. Bg2 Rc8 25. h4 d4 26. cxd4 cxd4 27. Qf4
Bb5 28. Bxf6 Qxf6 29. Qxf6 gxf6 30. Rxe6 Rxe6 31. Bd5 Kg7 32. Rxe6 Bxd3 33.
Re7+ Kg6 34. Rd7 Kf5 35. Bg2 Rc1+ 36. Kh2 Rc4 37. Bh3+ Ke4 38. Bg2+ Kf5 39.
Bh3+ Ke4 40. Bg2+ Kf5 1/2-1/2

[Event "BL 8485 Bayern-Erlangen"]
[Site "?"]
[Date "1985.??.??"]
[Round "?.7"]
[White "Seyb, D."]
[Black "Hickl, J."]
[Result "0-1"]
[WhiteElo "2310"]
[BlackElo "2275"]
[PlyCount "48"]
[EventDate "1985.??.??"]

1. e4 g6 2. d4 Bg7 3. Nc3 d6 4. f4 a6 5. Nf3 b5 6. Bd3 Bb7 7. O-O Nd7 8. e5 Nh6
9. Ne4 c5 10. Nfg5 Qb6 11. e6 Bxd4+ 12. Kh1 fxe6 13. c3 d5 14. cxd4 dxe4 15.
dxc5 Nxc5 16. Bc2 Rd8 17. Qe2 Nd3 18. Bd2 Nf5 19. Bxd3 Rxd3 20. Nxe4 Bxe4 21.
Ba5 Qe3 22. Qc2 Rd5 23. Qc6+ Kf7 24. Rae1 Ng3+ 0-1

[Event "BL 8485 München 36-Bamberg"]
[Site "?"]
[Date "1985.??.??"]
[Round "?.1"]
[White "Seppeur, R."]
[Black "Unzicker, W."]
[Result "0-1"]
[WhiteElo "2310"]
[BlackElo "2470"]
[PlyCount "102"]
[EventDate "1985.??.??"]

1. e4 e5 2. Bc4 Nf6 3. d3 Nc6 4. Nc3 Bb4 5. Nf3 d6 6. h3 Na5 7. Bb3 Nxb3 8.
axb3 h6 9. O-O O-O 10. Ne2 c6 11. Ng3 Re8 12. c3 Bc5 13. Re1 Bb6 14. d4 Bd7 15.
Be3 a6 16. b4 Bc7 17. Qc2 Be6 18. Rad1 Qc8 19. dxe5 dxe5 20. Kh2 Rd8 21. Nh4
Bd6 22. Nhf5 Bf8 23. Bb6 Rxd1 24. Rxd1 Nd7 25. Be3 Qc7 26. Qe2 Kh7 27. Qd2 a5
28. bxa5 Rxa5 29. Qe2 g6 30. Nh4 Ra2 31. Rd2 Nb6 32. Bxb6 Qxb6 33. Nf3 Bg7 34.
b4 Ra3 35. Rc2 c5 36. bxc5 Qxc5 37. Qd2 b5 38. Ne1 Bb3 39. Rb2 Bc4 40. Nc2 Ra6
41. Nb4 Rd6 42. Qc1 h5 43. Qg5 Bf6 44. Qc1 h4 45. Nh1 Qc7 46. f3 Qd8 47. Nf2
Bg5 48. Qa1 Bf4+ 49. Kh1 Bg3 50. Qa7 Rd2 51. Nd5 Rxb2 0-1

[Event "BL 8485 München 36-Bamberg"]
[Site "?"]
[Date "1985.??.??"]
[Round "?.2"]
[White "Robatsch, K."]
[Black "Bartsch, B."]
[Result "1-0"]
[WhiteElo "2430"]
[BlackElo "2265"]
[PlyCount "87"]
[EventDate "1985.??.??"]

1. Nf3 b5 2. e4 Bb7 3. Bxb5 Bxe4 4. O-O Nf6 5. d4 e6 6. c4 Be7 7. Nc3 Bg6 8.
Ne5 Bh5 9. g4 Bg6 10. Re1 c6 11. Ba4 O-O 12. h4 d6 13. Nxc6 Nxc6 14. Bxc6 Rc8
15. Bf3 h6 16. b3 Nd7 17. h5 Bh7 18. Nb5 Qb6 19. Be3 d5 20. Be2 dxc4 21. bxc4
Rfd8 22. c5 Qb7 23. Qa4 a6 24. Nc3 Nb8 25. Red1 Bf6 26. Rd2 Kh8 27. Rc1 Rg8 28.
Qb3 Qe7 29. d5 Bxc3 30. Qxc3 Be4 31. Qe5 f5 32. d6 Qb7 33. Qb2 Qc6 34. Kh2 Nd7
35. Bxh6 e5 36. Bg5 g6 37. h6 fxg4 38. Bxg4 Bf5 39. f3 Kh7 40. Qb3 Rgf8 41. Qd5
Bxg4 42. Qxc6 Rxc6 43. fxg4 Rb8 44. Rf2 1-0

[Event "BL 8485 München 36-Bamberg"]
[Site "?"]
[Date "1985.??.??"]
[Round "?.4"]
[White "Bastian, H."]
[Black "Treppner, G."]
[Result "1-0"]
[WhiteElo "2375"]
[BlackElo "2300"]
[PlyCount "81"]
[EventDate "1985.??.??"]

1. e4 e5 2. Nf3 Nf6 3. Nc3 Nc6 4. Bc4 Nxe4 5. Nxe4 d5 6. Bd3 dxe4 7. Bxe4 Bd6
8. d3 Bg4 9. c3 Qd7 10. h3 Bh5 11. O-O Bg6 12. Qe2 O-O 13. Nh4 Bxe4 14. dxe4
Ne7 15. Be3 f5 16. Rad1 Qe6 17. Bg5 f4 18. Bxe7 Bxe7 19. Nf5 Bf6 20. Qg4 Kh8
21. Rd5 Rad8 22. Rfd1 Rxd5 23. Rxd5 c6 24. Rd6 Qf7 25. Qd1 g6 26. Rd7 Qe6 27.
Qd6 Re8 28. Nh6 Qxd6 29. Nf7+ Kg8 30. Nxd6 Rd8 31. Rxd8+ Bxd8 32. Nxb7 Bb6 33.
Nd6 Bc7 34. Nc8 a5 35. Ne7+ Kf7 36. Nxc6 Ke6 37. Na7 Bb6 38. Nb5 Kd7 39. a4 Kc6
40. Kf1 Kc5 41. b3 1-0

[Event "BL 8485 München 36-Bamberg"]
[Site "?"]
[Date "1985.??.??"]
[Round "?.5"]
[White "Ruehrig, V."]
[Black "Mueller, Hei"]
[Result "1-0"]
[WhiteElo "2375"]
[BlackElo "2270"]
[PlyCount "85"]
[EventDate "1985.??.??"]

1. e4 g6 2. d4 Bg7 3. Nc3 c6 4. Nf3 d6 5. Be2 Qc7 6. a4 Nf6 7. O-O O-O 8. Nd2
e5 9. dxe5 dxe5 10. Nc4 Rd8 11. Qe1 Be6 12. f4 exf4 13. Bxf4 Qe7 14. Kh1 Nh5
15. Be3 Nd7 16. a5 Qb4 17. Ra4 Qe7 18. Qf2 Ne5 19. Bc5 Qg5 20. Be3 Qe7 21. Bc5
Qg5 22. Nd6 Rd7 23. Be3 Qd8 24. Nf5 Nf6 25. Nxg7 Nfg4 26. Qf4 Kxg7 27. Bc1 f6
28. h3 g5 29. Qg3 h5 30. hxg4 Nxg4 31. Bxg4 Bxg4 32. e5 f5 33. e6 f4 34. Bxf4
gxf4 35. Raxf4 Re7 36. Rf7+ Rxf7 37. Rxf7+ Kg6 38. Qe5 Qh4+ 39. Kg1 Rg8 40. Ne4
Qe1+ 41. Rf1 Qe3+ 42. Kh2 Kh6 43. Rf6+ 1-0